Every New Orleans Pelicans AllStar - Statistics

General Stats
  • This quiz has been taken 7 times
  • The average score is 7 of 9
Answer Stats
Year/Years Number of AllStars Player % Correct
2013,2014,2015,2016,2017,2018 6x Anthony Davis
100%
2019 1x Brandon Ingram
100%
2007,2008,2009,2010 4x Chris Paul
100%
2020,2022 2x Zion Williamson
100%
2003 1x Baron Davis
67%
2007,2008 2x David West
67%
2017 1x DeMarcus Cousins
67%
2002 1x Jamal Mashburn
50%
2003 1x Jamaal Magloire
17%
No matching quizzes found
Score Distribution
Percent of People with Each Score
Percentile by Number Answered
Your Score History
You have not taken this quiz